Study of culture of tribal students studying in Delhi in relation to their adjustment problems and academic performance (Record no. 1398816)

MARC details
000 -LEADER
fixed length control field 00622nam a2200193Ia 4500
005 - DATE AND TIME OF LATEST TRANSACTION
control field 20250508170031.0
008 - FIXED-LENGTH DATA ELEMENTS--GENERAL INFORMATION
fixed length control field 008 250505s9999 xx 000 0 eng d
037 ## - SOURCE OF ACQUISITION
Stock number Theses
040 ## - CATALOGING SOURCE
Original cataloging agency FEDL
Language of cataloging eng
Transcribing agency FEDL
041 ## - LANGUAGE CODE
Language code of text/sound track or separate title eng
Source of code eng
084 ## - COLON CLASSIFICATION NUMBER
Classification number 371.96, BHA/TH
Assigning agency FEDL
100 ## - MAIN ENTRY--PERSONAL NAME
Personal name Bhardwaj Rajnee
9 (RLIN) 782784
245 #0 - TITLE STATEMENT
Title Study of culture of tribal students studying in Delhi in relation to their adjustment problems and academic performance
260 ## - PUBLICATION, DISTRIBUTION, ETC.
Date of publication, distribution, etc. 2013
300 ## - PHYSICAL DESCRIPTION
Extent xi, 202p.
546 ## - LANGUAGE NOTE
Language note Gifted Ph.D Thesis (Jamia Millia Islamia)
942 ## - ADDED ENTRY ELEMENTS (KOHA)
Koha item type Thesis
Classification part 371.96, BHA/TH
Holdings
Withdrawn status Lost status Damaged status Not for loan Home library Current library Date acquired Total Checkouts Full call number Barcode Date last seen Price effective from Koha item type
        Department of Education Library Department of Education Library 2025-05-08   371.96, BHA/TH EL0092478 2025-05-08 2025-05-08 Thesis
Copyright @ Delhi University Library System